01116nam a2200241Ia 450000100060000000300090000600800410001504000130005604000130006904100130008210000200009510000290011524500690014424500530021325000110026626000120027726000200028926000490030930000570035850004050041565000230082065000310084376881IT-RoPAU130308s9999 xx 000 0 und d aIT-RoPAU cIT-RoPAU aITALIANO aDemetrio Duccio gCodice Aut. SPICS: 27149 aAvventura nell'età adulta (L'): ricerca del senso o peripezia? bLinee di Fuga-L'Avventura nella Formazione Umana a1a ed. aFIRENZE bLa Nuova Italia c1989 [1° Ed.:1989 - Ed.Ling.Originale:1989] a"26 p. (prefazione: no ; testo: 26 [pagine: 45-70])" aMetamorfosi Suprema Avventura Adultità in Declino Gioco e Avventura nell'Ologramma Emozionale Camaleonti e Leviatani Don Giovanni e Faust Puer Aeternus Come Avventura Ancora Possibile Avventura Come Universale della Ricerca e della fatica dal Graal Alla pietra Filosofale Avventura Come Iattura da Giasone a Fantozzi Avventura dei Nostri Paradossi consigli Semiseri di un Andragogista poco Convinto aSAGGI DI PEDAGOGIA eCodice materia Spics: 3557